Simon and Garfunkel - Sounds of Silence (Tracks) - Statistics

General Stats
  • This quiz has been taken 9 times
  • The average score is 6 of 11
Answer Stats
Track Number Track Name % Correct
11 I Am a Rock
83%
1 The Sound of Silence
83%
9 April Come She Will
67%
4 Kathy's Song
67%
7 Richard Cory
67%
8 A Most Peculiar Man
50%
6 Anji
50%
2 Leaves That Are Green
50%
5 Somewhere They Can't Find Me
33%
3 Blessed
17%
10 We've Got a Groovy Thing Goin
17%
No matching quizzes found
Score Distribution
Percent of People with Each Score
Percentile by Number Answered
Your Score History
You have not taken this quiz